000 00440nam a22001817a 4500
003 LK-CoDNM
005 20241211145730.0
008 241211b |||||||| |||| 00| 0 eng d
040 _aLK-CoDNM
_dLK-CoDNM
_eLK-CoDNM
041 _aeng
080 _a8.07
_bTHA
245 _aMultilingual phrase book
260 _aSri Lanka
_bTimes of Ceylon
_c1976
300 _b27p. ; 24 cm
650 _aEnglish
650 _aLiterature
942 _cBK
999 _c233270
_d233270